MODERN OPERATIVE SURGERY (Record no. 3292)

MARC details
000 -LEADER
fixed length control field 00343nam a2200145Ia 4500
008 - FIXED-LENGTH DATA ELEMENTS--GENERAL INFORMATION
fixed length control field 150201s1956 xx 000 0 und d
082 ## - DEWEY DECIMAL CLASSIFICATION NUMBER
Classification number 617.5
Item number M1956T
100 ## - MAIN ENTRY--PERSONAL NAME
Personal name TURNER,G.GREY
245 ## - TITLE STATEMENT
Title MODERN OPERATIVE SURGERY
250 ## - EDITION STATEMENT
Edition statement 1ST
260 ## - PUBLICATION, DISTRIBUTION, ETC. (IMPRINT)
Name of publisher, distributor, etc. CASSELL & COMP
Place of publication, distribution, etc. LONDON
Date of publication, distribution, etc. 1956
300 ## - PHYSICAL DESCRIPTION
Extent Jan-14
650 ## - SUBJECT ADDED ENTRY--TOPICAL TERM
Topical term or geographic name as entry element SURGERY
942 ## - ADDED ENTRY ELEMENTS (KOHA)
Source of classification or shelving scheme Dewey Decimal Classification
Koha item type Books
Holdings
Withdrawn status Lost status Source of classification or shelving scheme Damaged status Not for loan Home library Current library Date acquired Source of acquisition Serial Enumeration / chronology SGTU Bill Number Total Checkouts Full call number Barcode Date last seen Bill Date Koha item type
    Dewey Decimal Classification     SGT Dental Library SGT Dental Library 24/12/2005 PANKAJ DHAWAN 1 SGTU DONATED   617.5 M1956T FD3449 09/02/2015 11/05/2012 Books